[Event "27th Carlos Torre Mem"]
[Site "Merida MEX"]
[Date "2015.12.20"]
[Round "7.1"]
[White "Bruzon Batista, Lazaro"]
[Black "Pichot, Alan"]
[Result "1-0"]
[WhiteTitle "GM"]
[BlackTitle "IM"]
[WhiteElo "2666"]
[BlackElo "2517"]
[WhiteFideId "3503739"]
[BlackFideId "110973"]
[EventDate "2015.12.17"]

1. d4 Nf6 2. c4 g6 3. Nc3 Bg7 4. e4 d6 5. f3 O-O 6. Be3 c5 7. dxc5 dxc5 8. Qxd8
Rxd8 9. Bxc5 Nc6 10. Be3 Nd7 11. Nge2 Nde5 12. Nf4 b6 13. Rc1 Ba6 14. b3 e6 15.
Be2 Nb4 16. O-O Ned3 17. Nxd3 Nxd3 18. Rcd1 Nb4 19. Rxd8+ Rxd8 20. Rc1 f5 21. a3
Nc6 22. Nb5 Bxb5 23. cxb5 Nd4 24. Bc4 Kf7 25. Kf2 fxe4 26. fxe4 Ke7 27. g3 Rf8+
28. Kg2 Rc8 29. a4 h6 30. h4 Rd8 31. Bf4 Rc8 32. Bd2 Ke8 33. g4 Rc7 34. Bf4 Rc8
35. e5 Ke7 36. Rd1 Rd8 37. Rd2 1-0

[Event "27th Carlos Torre Mem"]
[Site "Merida MEX"]
[Date "2015.12.20"]
[Round "7.2"]
[White "Bacallao Alonso, Yusnel"]
[Black "Tiviakov, Sergei"]
[Result "1/2-1/2"]
[WhiteTitle "GM"]
[BlackTitle "GM"]
[WhiteElo "2525"]
[BlackElo "2610"]
[WhiteFideId "3507416"]
[BlackFideId "1008013"]
[EventDate "2015.12.17"]

1. Nf3 Nf6 2. b3 b6 3. Bb2 e6 4. e3 Bb7 5. d4 d5 6. Bd3 Nbd7 7. O-O Bd6 8. c4
O-O 9. Nc3 dxc4 10. Bxc4 a6 11. Ne2 c5 12. Ng3 b5 13. Be2 Qe7 14. a4 bxa4 15.
Rxa4 Rfb8 16. dxc5 Bxc5 17. Qa1 Bd5 18. Ne5 Nxe5 19. Bxe5 Rxb3 20. Rxa6 Rxa6 21.
Qxa6 Nd7 22. Qc8+ Nf8 23. Rc1 Bd6 24. Bxd6 Qxd6 25. Qc2 Rb8 1/2-1/2

[Event "27th Carlos Torre Mem"]
[Site "Merida MEX"]
[Date "2015.12.20"]
[Round "7.3"]
[White "Baryshpolets, Andrey"]
[Black "Dreev, Aleksey"]
[Result "1/2-1/2"]
[WhiteTitle "GM"]
[BlackTitle "GM"]
[WhiteElo "2538"]
[BlackElo "2644"]
[WhiteFideId "14117207"]
[BlackFideId "4100107"]
[EventDate "2015.12.17"]

1. d4 d5 2. c4 c6 3. Nf3 Nf6 4. Nc3 e6 5. g3 dxc4 6. Bg2 Nbd7 7. O-O Be7 8. e4
O-O 9. Bf4 Nh5 10. Be3 Nhf6 11. Bf4 Nh5 12. Be3 Nhf6 13. a4 e5 14. d5 Bb4 15.
Nd2 Bxc3 16. bxc3 cxd5 17. exd5 b6 18. d6 Rb8 19. a5 Bb7 20. Bxb7 Rxb7 21. Nxc4
Qc8 22. Qb3 b5 23. Na3 Nc5 24. Bxc5 Qxc5 25. c4 b4 26. a6 Rd7 27. Nb5 Rc8 28.
Rab1 Qxc4 29. Rbc1 Qxc1 30. Rxc1 Rxc1+ 31. Kg2 Rc8 32. Qxb4 Ne8 33. Qe4 Nxd6 34.
Nxd6 Rxd6 35. Qb7 Rdd8 36. Qxa7 Ra8 37. Qb7 Rdb8 38. Qc7 Rc8 39. Qb7 Rcb8 40.
Qc7 Rc8 41. Qb7 1/2-1/2

[Event "27th Carlos Torre Mem"]
[Site "Merida MEX"]
[Date "2015.12.20"]
[Round "7.4"]
[White "L'Ami, Erwin"]
[Black "Martinez Duany, Lelys Stanley"]
[Result "1-0"]
[WhiteTitle "GM"]
[BlackTitle "GM"]
[WhiteElo "2628"]
[BlackElo "2504"]
[WhiteFideId "1007998"]
[BlackFideId "3504727"]
[EventDate "2015.12.17"]

1. d4 Nf6 2. c4 g6 3. Nc3 Bg7 4. e4 d6 5. Nf3 O-O 6. Be2 c5 7. O-O cxd4 8. Nxd4
Nc6 9. Be3 Bd7 10. Qd2 Nxd4 11. Bxd4 Bc6 12. f3 a5 13. b3 Nd7 14. Be3 Nc5 15.
Rab1 Be5 16. Rfd1 e6 17. Bd4 Qe7 18. a3 a4 19. Bxe5 dxe5 20. b4 Nb3 21. Qe3 Nd4
22. Bf1 Rfd8 23. Ne2 Nb3 24. Rxd8+ Rxd8 25. Nc3 Be8 26. Rd1 Rd4 27. c5 Qd8 28.
Bd3 b6 29. Ne2 bxc5 30. Nxd4 exd4 31. Qe1 Qb6 32. bxc5 Qxc5 33. Qb4 e5 34. Bc4
Qxb4 35. axb4 Kf8 36. Kf2 f5 37. Ke2 Ke7 38. Kd3 Bd7 39. Kc2 fxe4 40. fxe4 Bg4
41. Rf1 Be6 42. Bxe6 Kxe6 43. Rf8 d3+ 44. Kxd3 a3 45. Ra8 a2 46. Kc3 a1=Q+ 47.
Rxa1 Nxa1 48. Kb2 1-0

[Event "27th Carlos Torre Mem"]
[Site "Merida MEX"]
[Date "2015.12.20"]
[Round "7.5"]
[White "Gonzalez Zamora, Juan Carlos"]
[Black "Quesada Perez, Yuniesky"]
[Result "0-1"]
[WhiteTitle "GM"]
[BlackTitle "GM"]
[WhiteElo "2513"]
[BlackElo "2627"]
[WhiteFideId "3507548"]
[BlackFideId "3504409"]
[EventDate "2015.12.17"]

1. Nf3 Nf6 2. c4 e6 3. Nc3 d5 4. d4 c6 5. Qb3 dxc4 6. Qxc4 b5 7. Qd3 Nbd7 8. e4
b4 9. Na4 Bb7 10. e5 Nd5 11. Ng5 Be7 12. Qg3 Qa5 13. b3 c5 14. dxc5 Nxc5 15.
Nxc5 Qxc5 16. Bc4 Qd4 17. O-O Qxa1 18. Bb5+ Kf8 19. Nxe6+ fxe6 20. Bh6 Qxf1+ 21.
Kxf1 gxh6 22. Qf3+ Kg7 23. Qg3+ Bg5 24. h4 Rac8 25. Bc4 Rhf8 26. hxg5 h5 27. f3
Ne3+ 28. Kg1 Nxc4 29. bxc4 Rxc4 30. Qh3 Rc1+ 31. Kh2 Rc2 32. Kg3 Rf5 33. Qxh5
Rxg2+ 0-1

[Event "27th Carlos Torre Mem"]
[Site "Merida MEX"]
[Date "2015.12.20"]
[Round "7.6"]
[White "Cori, Jorge"]
[Black "Ortega Amarelle, Mariano"]
[Result "1-0"]
[WhiteTitle "GM"]
[BlackTitle "IM"]
[WhiteElo "2596"]
[BlackElo "2466"]
[WhiteFideId "3802272"]
[BlackFideId "3504301"]
[EventDate "2015.12.17"]

1. e4 c6 2. d4 d5 3. Nc3 dxe4 4. Nxe4 Bf5 5. Ng3 Bg6 6. Bc4 e6 7. h4 h6 8. Nh3
Bd6 9. Nf4 Bxf4 10. Bxf4 Nf6 11. Qd2 Nbd7 12. f3 Nb6 13. Bb3 a5 14. a4 Nbd5 15.
Ne2 Qe7 16. Be5 h5 17. O-O-O Qb4 18. Nf4 Qxd2+ 19. Kxd2 Nxf4 20. Bxf4 Nd5 21.
Bh2 Bf5 22. c3 Ra6 23. Bc4 Ra8 24. Rhg1 Rd8 25. Rde1 Ke7 26. Kc1 Bg6 27. Re5 f6
28. Re2 Kf7 29. Bg3 Bf5 30. Bf2 Bg6 31. g4 Nf4 32. Rd2 Rde8 33. Bg3 Nd5 34. Re1
Rd8 35. Rde2 Rhe8 36. Bh2 Re7 37. Rg1 Rh8 38. Reg2 Rg8 39. Re1 Rh8 40. g5 Rg8
41. Bb3 Rd7 42. Reg1 Rdd8 43. Re1 Bf5 44. Bc2 Ne7 45. Bc7 Ra8 46. Rge2 Rge8 47.
Bb3 Nd5 48. Bxd5 cxd5 49. Bf4 Rec8 50. Rg1 fxg5 51. Rxg5 g6 52. Kd2 Ra6 53. Rg1
Rb6 54. Ke3 Rc4 55. Ra1 Rc8 56. Be5 Rc4 57. Kf4 Rc8 58. Kg5 Bd3 59. Re3 Bf5 60.
b4 axb4 61. a5 Rb5 62. cxb4 Rxb4 63. a6 bxa6 64. Rxa6 Rb7 65. Rea3 Re8 66. Bf6
Reb8 67. Ra7 Ke8 68. Be5 Rxa7 69. Rxa7 Rb3 70. f4 Kd8 71. Kf6 Rh3 72. Kf7 Rb3
73. Bd6 Rb1 74. Kf6 Re1 75. Bc7+ Ke8 76. Bb6 Re4 77. Re7+ Kf8 78. Bc7 Rxd4 79.
Rd7 Kg8 80. Rd8+ Kh7 81. Rd7+ Kg8 82. Be5 Re4 83. Rd8+ Kh7 84. Kf7 Rxe5 85. fxe5
Bg4 86. Kf6 Bf5 87. Rb8 Bg4 88. Rb7+ Kg8 89. Kxg6 Kf8 90. Kf6 Ke8 91. Rh7 Kd8
92. Rg7 Ke8 93. Ra7 Kd8 94. Ra6 Kd7 95. Kf7 Bf5 96. Rd6+ Kc7 97. Kf6 Bg4 98. Kg5
Kb7 99. Kf4 Kc7 100. Ke3 Bf5 101. Kd4 Bh3 102. Kc5 Bg4 103. Ra6 Kd7 104. Ra7+
Ke8 105. Kd6 Kf8 106. Kd7 Kf7 107. Ra4 Bf5 108. Rf4 Kg6 109. Kd6 Bg4 110. Rf6+
Kg7 111. Ke7 Bf5 112. Rf7+ Kg6 113. Kf8 d4 114. Kg8 Kh6 115. Rxf5 1-0

[Event "27th Carlos Torre Mem"]
[Site "Merida MEX"]
[Date "2015.12.20"]
[Round "7.7"]
[White "Gonzalez Vidal, Yuri"]
[Black "Hernandez Marques, Noel"]
[Result "1-0"]
[WhiteTitle "GM"]
[BlackTitle "FM"]
[WhiteElo "2553"]
[BlackElo "2349"]
[WhiteFideId "3503321"]
[BlackFideId "3506991"]
[EventDate "2015.12.17"]

1. e4 e5 2. Nf3 Nc6 3. Bb5 a6 4. Ba4 Nf6 5. O-O b5 6. Bb3 Bb7 7. d3 Bd6 8. a4
O-O 9. c3 h6 10. Nh4 Re8 11. Qf3 Bf8 12. Bxh6 gxh6 13. axb5 axb5 14. Rxa8 Bxa8
15. Qg3+ Kh8 16. Bxf7 Bg7 17. Nf5 Rg8 18. Bxg8 Qxg8 19. Na3 b4 20. Nb5 Ne8 21.
Ra1 Bb7 22. Qg6 Qe6 23. Qxe6 dxe6 24. Nxg7 Kxg7 25. f3 Kf6 26. Kf2 bxc3 27. bxc3
Bc8 28. Na7 Ne7 29. Nxc8 Nxc8 30. Ra5 Ne7 31. Ke3 Nd6 32. Kd2 c6 33. Kc2 Nb5 34.
Kb3 Ng6 35. g3 Ne7 36. Kb4 Nc8 37. Ra6 Ne7 38. Ra8 Ng6 39. h4 Ne7 40. h5 Nc7 41.
Rf8+ Kg7 42. Rd8 Kf6 43. Kc5 Nb5 44. c4 Nd4 45. Kd6 Nef5+ 46. exf5 exf5 47. Rf8+ 1-0

[Event "27th Carlos Torre Mem"]
[Site "Merida MEX"]
[Date "2015.12.20"]
[Round "7.8"]
[White "Cordova, Emilio"]
[Black "Torres Rosas, Luis Carlos"]
[Result "1-0"]
[WhiteTitle "GM"]
[BlackTitle "IM"]
[WhiteElo "2611"]
[BlackElo "2380"]
[WhiteFideId "3801497"]
[BlackFideId "5111080"]
[EventDate "2015.12.17"]

1. d4 Nf6 2. Nf3 g6 3. g3 Bg7 4. Bg2 O-O 5. O-O d6 6. c4 Nbd7 7. Nc3 e5 8. b3 c6
9. a4 Re8 10. a5 e4 11. Ne1 d5 12. Nc2 Nf8 13. Bg5 Ne6 14. Bxf6 Bxf6 15. e3 Bg7
16. b4 h5 17. b5 Ng5 18. f4 exf3 19. Bxf3 Bh3 20. a6 Bxf1 21. Qxf1 bxa6 22. bxc6
Nxf3+ 23. Qxf3 dxc4 24. Nd5 Qd6 25. Rxa6 Rab8 26. Rxa7 f5 27. Rd7 Qf8 28. c7
Rb1+ 29. Kg2 Rb2 30. Qe2 f4 31. gxf4 Qf5 32. Ne7+ Rxe7 33. Rxe7 Kh7 34. e4 Qc8
35. f5 h4 36. Qg4 Rxc2+ 37. Kh3 Rc3+ 38. Kxh4 Qa6 39. Qxg6+ 1-0

[Event "27th Carlos Torre Mem"]
[Site "Merida MEX"]
[Date "2015.12.20"]
[Round "8.1"]
[White "L'Ami, Erwin"]
[Black "Bruzon Batista, Lazaro"]
[Result "1/2-1/2"]
[WhiteTitle "GM"]
[BlackTitle "GM"]
[WhiteElo "2628"]
[BlackElo "2666"]
[WhiteFideId "1007998"]
[BlackFideId "3503739"]
[EventDate "2015.12.17"]

1. d4 Nf6 2. c4 e6 3. Nf3 d5 4. Nc3 Be7 5. Bf4 O-O 6. e3 b6 7. Qc2 Ba6 8. cxd5
Nxd5 9. Bxa6 Nxa6 10. O-O c5 11. Rfd1 Nab4 12. Qb3 Nxf4 13. exf4 Qc7 14. dxc5
Bxc5 15. Ne5 Rad8 16. a3 Nc6 17. Nb5 Qc8 18. Qf3 Nxe5 19. fxe5 f6 20. Nd6 Qc7
21. Qb3 fxe5 22. Qxe6+ Kh8 23. Ne4 Rxd1+ 24. Rxd1 Bd4 25. Qb3 Qc6 26. Re1 a5 27.
g3 a4 28. Qb4 Rf3 29. Re2 h6 30. Nd2 Rd3 31. Qc4 Qxc4 32. Nxc4 Rb3 33. Nxe5 Bxb2
34. Nc4 Bd4 35. Re8+ Kh7 36. Rb8 b5 37. Nd2 Rb2 38. Ne4 b4 39. Rxb4 Rxb4 40.
axb4 a3 41. Nd2 a2 42. Nb3 a1=Q+ 43. Nxa1 Bxa1 44. f4 Kg6 45. Kg2 Kf5 46. Kf3
Bf6 47. g4+ Ke6 48. Ke4 Bh4 49. b5 Bd8 50. h3 g6 51. f5+ gxf5+ 52. gxf5+ Kf6 53.
Kf3 Kxf5 54. Kg2 Kf4 55. b6 Bxb6 56. h4 h5 57. Kh1 Kg4 58. Kg2 Kxh4 59. Kh1 Kh3 1/2-1/2

[Event "27th Carlos Torre Mem"]
[Site "Merida MEX"]
[Date "2015.12.20"]
[Round "8.2"]
[White "Quesada Perez, Yuniesky"]
[Black "Cori, Jorge"]
[Result "1/2-1/2"]
[WhiteTitle "GM"]
[BlackTitle "GM"]
[WhiteElo "2627"]
[BlackElo "2596"]
[WhiteFideId "3504409"]
[BlackFideId "3802272"]
[EventDate "2015.12.17"]

1. e4 c5 2. Nf3 Nc6 3. Bb5 g6 4. Bxc6 dxc6 5. d3 Bg7 6. h3 e5 7. Nbd2 Be6 8. a3
a5 9. a4 f6 10. b3 Nh6 11. Nc4 Nf7 12. Bb2 O-O 13. O-O Qc7 14. Re1 Rfe8 15. Bc3
Red8 16. Qe2 b6 17. Bb2 Re8 18. Bc3 Red8 19. Bb2 Re8 20. Qd1 Rab8 21. Qe2 Qe7
22. Bc3 Qd7 23. Bb2 Qc7 24. Bc3 Bf8 25. Bb2 Rbd8 1/2-1/2

[Event "27th Carlos Torre Mem"]
[Site "Merida MEX"]
[Date "2015.12.20"]
[Round "8.3"]
[White "Tiviakov, Sergei"]
[Black "Gonzalez Vidal, Yuri"]
[Result "1/2-1/2"]
[WhiteTitle "GM"]
[BlackTitle "GM"]
[WhiteElo "2610"]
[BlackElo "2553"]
[WhiteFideId "1008013"]
[BlackFideId "3503321"]
[EventDate "2015.12.17"]

1. e4 e5 2. Bc4 Nc6 3. Nf3 Bc5 4. c3 Nf6 5. d3 O-O 6. Bg5 Be7 7. Nbd2 h6 8. Bh4
d6 9. Bg3 Na5 10. Bb5 a6 11. Ba4 b5 12. Bc2 Nh5 13. Nf1 c5 14. Ne3 Be6 15. O-O
Rb8 16. a3 Nxg3 17. hxg3 c4 18. d4 Bf6 19. Qd2 Qb6 20. Rad1 Rbd8 21. g4 Rfe8 22.
d5 Bc8 23. g3 Bg5 24. Nxg5 hxg5 25. Kg2 f6 26. Rh1 Kf7 27. Rh5 Nb7 28. Rdh1 Nc5
29. Qd1 Rg8 30. Qf3 Ke7 31. Rh7 Rdf8 32. Qe2 Kd8 33. Kf3 Bd7 34. Kg2 Kc7 1/2-1/2

[Event "27th Carlos Torre Mem"]
[Site "Merida MEX"]
[Date "2015.12.20"]
[Round "8.4"]
[White "Pichot, Alan"]
[Black "Bacallao Alonso, Yusnel"]
[Result "0-1"]
[WhiteTitle "IM"]
[BlackTitle "GM"]
[WhiteElo "2517"]
[BlackElo "2525"]
[WhiteFideId "110973"]
[BlackFideId "3507416"]
[EventDate "2015.12.17"]

1. e4 c6 2. Nf3 d5 3. Nc3 Bg4 4. h3 Bxf3 5. Qxf3 e6 6. d4 dxe4 7. Qxe4 Nf6 8.
Qd3 Bd6 9. Bd2 Nbd7 10. O-O-O Qc7 11. g3 O-O-O 12. Bg2 h6 13. Kb1 Kb8 14. Rhe1
Rc8 15. Ne4 Nxe4 16. Qxe4 Nb6 17. Qe2 Ka8 18. c4 Be7 19. Bf4 Qd7 20. d5 cxd5 21.
cxd5 e5 22. Qxe5 Bf6 23. Qd6 Qa4 24. b3 Qb5 25. Bf1 Qa5 26. Bd2 Rc3 27. Rc1
Rxc1+ 28. Kxc1 Qxa2 29. Qb4 Nxd5 30. Qa4 Qb2+ 31. Kd1 Nc3+ 32. Bxc3 0-1

[Event "27th Carlos Torre Mem"]
[Site "Merida MEX"]
[Date "2015.12.20"]
[Round "8.5"]
[White "Dreev, Aleksey"]
[Black "Abreu Delgado, Aryam"]
[Result "1-0"]
[WhiteTitle "GM"]
[BlackTitle "GM"]
[WhiteElo "2644"]
[BlackElo "2450"]
[WhiteFideId "4100107"]
[BlackFideId "3502589"]
[EventDate "2015.12.17"]

1. d4 d5 2. c4 dxc4 3. e3 Nf6 4. Bxc4 e6 5. Nf3 a6 6. O-O c5 7. b3 Nc6 8. Bb2
cxd4 9. Nxd4 Nxd4 10. Bxd4 Bd7 11. Nd2 Be7 12. Be2 Bc6 13. Nc4 O-O 14. Qc2 Rc8
15. Qb2 Bc5 16. Rfd1 Bxd4 17. Rxd4 Qe7 18. Rad1 Rc7 19. a4 Qc5 20. a5 Qg5 21.
Bf1 Bd5 22. Nb6 Bf3 23. R1d2 Qxa5 24. Nc4 Rxc4 25. Rxc4 Bc6 26. b4 Qg5 27. Qc2
Ng4 28. Rc5 Ne5 29. f4 Nf3+ 30. Kh1 Qh4 31. gxf3 Bxf3+ 32. Kg1 1-0

[Event "27th Carlos Torre Mem"]
[Site "Merida MEX"]
[Date "2015.12.20"]
[Round "8.6"]
[White "Aguero Jimenez, Luis Lazaro"]
[Black "Cordova, Emilio"]
[Result "1/2-1/2"]
[WhiteTitle "IM"]
[BlackTitle "GM"]
[WhiteElo "2453"]
[BlackElo "2611"]
[WhiteFideId "3508455"]
[BlackFideId "3801497"]
[EventDate "2015.12.17"]

1. e4 c6 2. d4 d5 3. exd5 cxd5 4. Bd3 Nc6 5. c3 g6 6. h3 Bg7 7. Nf3 Nh6 8. O-O
O-O 9. Re1 Nf5 10. Bf4 e6 11. Nbd2 a5 12. a4 f6 13. Qb3 g5 14. Bh2 h5 15. Nf1
Nh6 16. Qc2 f5 17. Ne5 Nxe5 18. Bxe5 Bxe5 19. Rxe5 Nf7 20. Ree1 Qf6 21. Qe2 g4
22. f4 b6 23. Qf2 Ra7 24. h4 Bd7 25. g3 Rb8 26. Qe2 Nd6 27. Nd2 Kf7 28. Nb3 Rc7
29. Nc1 Ne4 30. Kg2 Qd8 31. Bb5 Bxb5 32. Qxb5 Qe8 33. Qxe8+ Kxe8 34. Nd3 Kd7 35.
Ra2 Kc6 36. Ne5+ Kb7 37. Nd3 Ka6 38. Kh2 Ra7 39. Kg2 Rc7 40. Rea1 Rcc8 41. Kh2
Ra8 42. Ne5 Nd2 43. Rd1 Nc4 44. Nd3 Rc6 45. Re1 Nd2 46. Rd1 Ne4 47. Rda1 Rc7 48.
Kg2 b5 49. axb5+ Kxb5 50. Ra3 a4 51. Re1 Rc6 52. Ne5 Rb6 53. Nd7 Rb7 54. Ne5
Raa7 55. Nd3 Rb6 56. Re2 Kc6 57. Nb4+ Kb5 58. Nd3 Kc6 59. Nb4+ Kd7 60. Re1 Rxb4
61. cxb4 Rc7 62. Re2 Rc4 63. Rxa4 Rxd4 64. Rc2 Ke7 65. Ra7+ Kf6 66. Rcc7 Rd2+
67. Kg1 Rd1+ 68. Kg2 Rd2+ 69. Kg1 Nxg3 70. Rf7+ Kg6 71. Rg7+ Kh6 72. Rh7+ Kg6
73. Rag7+ Kf6 74. Rf7+ 1/2-1/2

[Event "27th Carlos Torre Mem"]
[Site "Merida MEX"]
[Date "2015.12.20"]
[Round "8.7"]
[White "Ibarra Chami, Luis Fernando"]
[Black "Ortiz Suarez, Isan Reynaldo"]
[Result "0-1"]
[WhiteTitle "IM"]
[BlackTitle "GM"]
[WhiteElo "2435"]
[BlackElo "2601"]
[WhiteFideId "5105048"]
[BlackFideId "3507165"]
[EventDate "2015.12.17"]

1. c4 f5 2. Nc3 Nf6 3. g3 e5 4. Bg2 Nc6 5. d3 Bb4 6. Bd2 O-O 7. e3 f4 8. exf4
exf4 9. Bxf4 d5 10. Kf1 Bxc3 11. bxc3 dxc4 12. dxc4 Be6 13. Bf3 Bxc4+ 14. Kg2
Nd5 15. Nh3 Qd7 16. Re1 Qf7 17. Qc1 h6 18. Be4 Nf6 19. Kg1 Nxe4 20. Rxe4 Bd5 21.
Re3 Qf5 22. Qd1 Rad8 23. g4 Qf7 24. Qe1 Rd7 25. a4 Bb3 26. Qe2 Rfd8 27. Qb5 Rd1+
28. Rxd1 Rxd1+ 29. Kg2 Bd5+ 30. f3 Rd2+ 31. Kg1 g5 32. Bg3 Rd1+ 33. Be1 Rxe1+
34. Rxe1 Qxf3 35. Re8+ Kf7 36. Re2 Qxg4+ 37. Kf2 Bc4 0-1

[Event "27th Carlos Torre Mem"]
[Site "Merida MEX"]
[Date "2015.12.20"]
[Round "8.8"]
[White "Gonzalez Zamora, Juan Carlos"]
[Black "Baryshpolets, Andrey"]
[Result "0-1"]
[WhiteTitle "GM"]
[BlackTitle "GM"]
[WhiteElo "2513"]
[BlackElo "2538"]
[WhiteFideId "3507548"]
[BlackFideId "14117207"]
[EventDate "2015.12.17"]

1. Nf3 Nf6 2. c4 e6 3. g3 d5 4. Bg2 dxc4 5. Qa4+ Nbd7 6. Qxc4 a6 7. Qc2 c5 8.
O-O b5 9. d3 Bb7 10. Nbd2 Be7 11. Nb3 Rc8 12. Bd2 c4 13. dxc4 bxc4 14. Nbd4 e5
15. Nf5 Be4 16. Nxg7+ Kf8 17. Qc1 Kxg7 18. Bh6+ Kg8 19. Qg5+ Bg6 20. Rad1 Qe8
21. Bh3 Rd8 22. Nxe5 Ng4 23. Qxg4 Nxe5 24. Qf4 f6 25. Qe3 Kf7 26. Bf4 Qb5 27.
Qc1 Rxd1 28. Rxd1 Rd8 29. Rxd8 Bxd8 30. Bf1 Be4 31. Bxe5 fxe5 32. Bg2 Bxg2 33.
Kxg2 Qd5+ 34. f3 Kg7 35. Qc2 Qd4 36. h4 e4 37. fxe4 Bf6 38. Kh3 Be5 39. Qa4 c3
40. Qe8 cxb2 41. Qe7+ Kg8 42. Qe8+ Kg7 43. Qe7+ Kg6 44. h5+ Kh6 45. Qf8+ Kxh5
46. Qg8 Kh6 47. Qf8+ Kg6 48. Qe8+ Kf6 49. Qf8+ Ke6 50. Qe8+ Kd6 51. Qd8+ Kc6 0-1

[Event "27th Carlos Torre Mem"]
[Site "Merida MEX"]
[Date "2015.12.21"]
[Round "9.1"]
[White "Bruzon Batista, Lazaro"]
[Black "Bacallao Alonso, Yusnel"]
[Result "1/2-1/2"]
[WhiteTitle "GM"]
[BlackTitle "GM"]
[WhiteElo "2666"]
[BlackElo "2525"]
[WhiteFideId "3503739"]
[BlackFideId "3507416"]
[EventDate "2015.12.17"]

1. e4 c6 2. d4 d5 3. Nc3 dxe4 4. Nxe4 Bf5 5. Ng3 Bg6 6. h4 h6 7. Nf3 Nd7 8. h5
Bh7 9. Bd3 Bxd3 10. Qxd3 e6 11. Bf4 Qa5+ 12. Bd2 Qc7 13. O-O-O Ngf6 14. Ne4
O-O-O 15. g3 Nxe4 16. Qxe4 Bd6 17. c4 Nf6 18. Qe2 Qe7 19. Kb1 Kb8 20. a3 Rhe8
21. Bc3 Ka8 22. Ne5 Nd7 23. Nd3 Bc7 24. Rhe1 Nb6 25. Ne5 Nd7 26. Nd3 Nb6 27. Ne5
Rh8 1/2-1/2

[Event "27th Carlos Torre Mem"]
[Site "Merida MEX"]
[Date "2015.12.21"]
[Round "9.2"]
[White "Ortiz Suarez, Isan Reynaldo"]
[Black "Dreev, Aleksey"]
[Result "1/2-1/2"]
[WhiteTitle "GM"]
[BlackTitle "GM"]
[WhiteElo "2601"]
[BlackElo "2644"]
[WhiteFideId "3507165"]
[BlackFideId "4100107"]
[EventDate "2015.12.17"]

1. e4 c6 2. d4 d5 3. e5 Bf5 4. Nf3 e6 5. Be2 Bg6 6. O-O Ne7 7. Nbd2 c5 8. dxc5
Nec6 9. c3 Bxc5 10. Nb3 Bb6 11. Bf4 O-O 12. Nbd4 Nxd4 13. Nxd4 Nc6 14. Qd2 Rc8
15. Nxc6 Rxc6 16. Rad1 Qc7 17. h4 h6 18. h5 Be4 19. Bb5 Rc5 20. Qe2 f6 21. Bh2
fxe5 22. Bd3 Bxd3 23. Rxd3 Rf5 24. Re3 Rc4 25. Bxe5 Qf7 26. Bd4 Bxd4 27. cxd4
Qxh5 28. Qxh5 Rxh5 29. Rxe6 Rxd4 30. Re7 Rb4 31. b3 Rg5 32. Rc1 a5 33. g3 h5 34.
Kf1 b6 35. Rc6 a4 36. bxa4 Rxa4 37. Rc2 Rc4 38. Rb2 Rc6 39. Rd7 Rf5 40. Kg2 Kh7
41. Rd2 Rc5 42. Re2 Rc6 43. Rd2 Rc5 44. Re2 Rc6 45. Rd2 Rc5 46. Re2 Rc6 1/2-1/2

[Event "27th Carlos Torre Mem"]
[Site "Merida MEX"]
[Date "2015.12.21"]
[Round "9.3"]
[White "Cori, Jorge"]
[Black "L'Ami, Erwin"]
[Result "1-0"]
[WhiteTitle "GM"]
[BlackTitle "GM"]
[WhiteElo "2596"]
[BlackElo "2628"]
[WhiteFideId "3802272"]
[BlackFideId "1007998"]
[EventDate "2015.12.17"]

1. d4 f5 2. c4 Nf6 3. Nf3 g6 4. Nc3 Bg7 5. b4 O-O 6. e3 d6 7. Be2 e5 8. dxe5
dxe5 9. O-O e4 10. Nd4 Nc6 11. Nxc6 bxc6 12. Ba3 Qe7 13. Qb3 Be6 14. Rac1 Rfb8
15. Qa4 Bf7 16. Rfd1 Qe8 17. Qa5 Bf8 18. c5 Qe5 19. Bb2 Bg7 20. Rd2 Qe7 21. Rcd1
h5 22. g3 h4 23. b5 Qxc5 24. Na4 Qe7 25. bxc6 Rd8 26. Nc5 Rxd2 27. Rxd2 Rd8 28.
Nd7 hxg3 29. hxg3 Nxd7 30. Bxg7 Kxg7 31. Qxc7 Be6 32. Qxa7 Qb4 33. Qd4+ Qxd4 34.
Rxd4 Kf6 35. a4 Ke7 36. cxd7 Rxd7 37. Rxd7+ Bxd7 38. a5 g5 39. Kf1 Kd6 40. Ke1
Kc5 41. Kd2 Kb4 42. a6 Bc6 43. g4 f4 44. exf4 gxf4 45. g5 Kc5 46. g6 Be8 47. g7 1-0

[Event "27th Carlos Torre Mem"]
[Site "Merida MEX"]
[Date "2015.12.21"]
[Round "9.4"]
[White "Gonzalez Vidal, Yuri"]
[Black "Quesada Perez, Yuniesky"]
[Result "0-1"]
[WhiteTitle "GM"]
[BlackTitle "GM"]
[WhiteElo "2553"]
[BlackElo "2627"]
[WhiteFideId "3503321"]
[BlackFideId "3504409"]
[EventDate "2015.12.17"]

1. e4 c5 2. Nf3 e6 3. d4 cxd4 4. Nxd4 Nc6 5. Nc3 Qc7 6. Be3 a6 7. Qf3 d6 8.
O-O-O Bd7 9. Qg3 Nf6 10. f4 b5 11. Bd3 g6 12. f5 Nxd4 13. Bxd4 e5 14. fxg6 hxg6
15. Be3 b4 16. Nd5 Nxd5 17. exd5 Bb5 18. Rhf1 Bxd3 19. Rxd3 Rc8 20. Rf2 Bg7 21.
Kb1 a5 22. h3 Qc4 23. Bg5 a4 24. Qe3 Rc5 25. b3 axb3 26. cxb3 Qb5 27. Rdd2 O-O
28. Qd3 Qa5 29. Rd1 Rc3 30. Qf1 e4 31. Rb2 Rfc8 32. Qe2 R3c5 33. Rbd2 Qa3 34.
Qf1 Rc2 0-1

[Event "27th Carlos Torre Mem"]
[Site "Merida MEX"]
[Date "2015.12.21"]
[Round "9.5"]
[White "Baryshpolets, Andrey"]
[Black "Tiviakov, Sergei"]
[Result "1/2-1/2"]
[WhiteTitle "GM"]
[BlackTitle "GM"]
[WhiteElo "2538"]
[BlackElo "2610"]
[WhiteFideId "14117207"]
[BlackFideId "1008013"]
[EventDate "2015.12.17"]

1. d4 Nf6 2. c4 e6 3. g3 d5 4. Bg2 Bb4+ 5. Bd2 Be7 6. Nf3 c6 7. O-O b6 8. Bf4
O-O 9. Nc3 Bb7 10. Rc1 dxc4 11. Ne5 Nd5 12. Nxc4 Na6 13. Nxd5 cxd5 14. Ne5 Rc8
15. Qb3 Rxc1 16. Rxc1 Bd6 17. Nc6 Bxc6 18. Rxc6 Bxf4 19. gxf4 Qd7 20. Rc3 Nc7
21. e3 Nb5 22. Qa4 Rd8 23. Rc2 g6 24. Bf1 Nd6 25. Qxd7 Rxd7 26. Bd3 Kf8 27. f3
Ke7 28. Kf2 f5 29. Rc6 Kd8 30. Ke2 Rc7 31. Rxc7 Kxc7 32. b3 b5 33. Kd2 a5 34.
Bf1 b4 35. Bd3 Kb6 36. Kc2 Nf7 37. Kd2 Kc6 38. Ke2 Nd6 39. Kd2 Kc7 40. Bf1 Kd7
41. Bd3 Ke7 42. Ke2 Kf6 43. Kf2 Kf7 44. Bf1 Kg7 45. Kg3 Kf6 46. Bd3 Ke7 47. Kf2
Kd8 48. Ke2 Kc7 49. Kd2 Kc6 50. Kc2 Nc8 51. Kd2 Nb6 52. Kc2 Na8 53. Kd2 Nc7 54.
Kc2 Kb6 55. Bf1 Ne8 56. Be2 Nf6 57. Kd2 h6 58. h4 Ne8 59. Bd3 Nd6 60. Kc2 Nc8
61. Bf1 Kc6 62. Ba6 Nb6 63. Bd3 Kd6 64. Bb5 Ke7 65. Kd3 Kf6 66. Ke2 g5 67. hxg5+
hxg5 68. fxg5+ Kxg5 69. f4+ Kf6 70. Kf3 Nc8 71. Bd3 Nd6 72. Kg3 Ke7 73. Kh4 Ne8
74. Kg3 Nf6 75. Kf3 Kf7 76. Kg3 Kg6 77. Kf3 Kh5 78. Kg3 Kh6 79. Kg2 Kg7 80. Kf3
Kf8 81. Kg3 Ke7 82. Kf3 Kd6 83. Ke2 Kc6 84. Kd2 Kb6 85. Ke2 Ne8 86. Kd2 Nd6 87.
Kc2 Kc6 88. Kb2 Nc8 89. Kc2 Nb6 90. Kb2 Kd6 91. Bb5 Ke7 92. Kc2 Kf6 93. Kd2 Nc8
94. Ke2 Nd6 95. Bd3 Kg6 96. Kf3 Kh6 97. Kg3 Kh5 98. Be2+ Kg6 99. Bd3 Kf7 100.
Kf3 Ke7 101. Ke2 Kd7 102. Kd2 Kc8 103. Kc2 Kb7 104. Kb2 Kc6 105. Kc2 1/2-1/2